00851nam a2200229Ia 4500003000900000008004100009020001400050040001600064080002400080245015400104260004000258300002300298650004100321650001500362650002400377650003600401700003200437700003000469942000700499999001500506952010000521IN-BaIIA211028s9999 xx 000 0 eng d a0379-6566 cIIA Library a551.510.5(063)bESA 0aAchievements of the International magnetospheric study(IMS)cedited by Bruce Battrick and Erica Rolfe  aFrancebEuropean Space Agencyc1984 a[various pagings.] aAstronomy and astrophysics thesaurus aIonosphere aMagnetosphere93270 aMagnetospheric substroms910003 aBattrick Bruce., ed.914538 aRolfe, Erica., ed.914539 cBK c8658d8658 00104070aBANbBANcGENd1986-03-21l0o551.510.5(063)/ ESAp9531r2021-11-05w1986-03-21yBK